<?xml version="1.0" encoding="UTF-8"?>
<record
    xmlns:xsi="http://www.w3.org/2001/XMLSchema-instance"
    xsi:schemaLocation="http://www.loc.gov/MARC21/slim http://www.loc.gov/standards/marcxml/schema/MARC21slim.xsd"
    xmlns="http://www.loc.gov/MARC21/slim">

  <leader>01801nam a2200313 i 4500</leader>
  <controlfield tag="003">DO-SdBNP</controlfield>
  <controlfield tag="005">20260429123224.0</controlfield>
  <controlfield tag="007">ta</controlfield>
  <controlfield tag="008">240212b2022    dr ||||| |||| 00| 0 spa d</controlfield>
  <datafield tag="020" ind1=" " ind2=" ">
    <subfield code="a">9789945927528</subfield>
  </datafield>
  <datafield tag="040" ind1=" " ind2=" ">
    <subfield code="a">DO-SdBNP</subfield>
    <subfield code="b">spa</subfield>
    <subfield code="c">BNPHU</subfield>
    <subfield code="e">rda</subfield>
  </datafield>
  <datafield tag="082" ind1=" " ind2="4">
    <subfield code="a">323.04097293</subfield>
    <subfield code="b">R426c</subfield>
    <subfield code="2">22</subfield>
  </datafield>
  <datafield tag="111" ind1="1" ind2=" ">
    <subfield code="a">Concurso Nacional de Ensayo "Democracia e Identidad "</subfield>
    <subfield code="n">(1 :</subfield>
    <subfield code="d">2022</subfield>
    <subfield code="c">Santo Domingo )</subfield>
    <subfield code="9">85053</subfield>
  </datafield>
  <datafield tag="245" ind1="1" ind2="0">
    <subfield code="a">Compendio de ensayos en materia electoral y del estado civil /</subfield>
    <subfield code="c">Concurso Nacional de Ensayo ''Democracia e Identidad 2022''; coordinaci&#xF3;n editorial, Gustavo Adolfo Jim&#xE9;nez Rodr&#xED;guez, Mercedes Alc&#xE1;ntara Rodr&#xED;guez</subfield>
  </datafield>
  <datafield tag="264" ind1=" " ind2=" ">
    <subfield code="a">Santo Domingo :</subfield>
    <subfield code="b">Junta Central Electoral,</subfield>
    <subfield code="c">2022.</subfield>
  </datafield>
  <datafield tag="300" ind1=" " ind2=" ">
    <subfield code="a">283 p&#xE1;ginas ;</subfield>
    <subfield code="c">24 cm.</subfield>
  </datafield>
  <datafield tag="336" ind1=" " ind2=" ">
    <subfield code="2">rdacontent</subfield>
    <subfield code="a">texto</subfield>
    <subfield code="b">txt</subfield>
  </datafield>
  <datafield tag="337" ind1=" " ind2=" ">
    <subfield code="2">rdamedia</subfield>
    <subfield code="a">sin mediaci&#xF3;n</subfield>
    <subfield code="b">n</subfield>
  </datafield>
  <datafield tag="338" ind1=" " ind2=" ">
    <subfield code="2">rdacarrier</subfield>
    <subfield code="a">volumen</subfield>
    <subfield code="b">nc</subfield>
  </datafield>
  <datafield tag="500" ind1=" " ind2=" ">
    <subfield code="a">Incluye referencias bibliogr&#xE1;ficas y notas al pie de las p&#xE1;ginas</subfield>
  </datafield>
  <datafield tag="505" ind1=" " ind2=" ">
    <subfield code="a">Prefacio--</subfield>
    <subfield code="t">Presentaci&#xF3;n --</subfield>
    <subfield code="t">Primer lugar /</subfield>
    <subfield code="r">Karina Noelia Espinal--</subfield>
    <subfield code="t">Segundo lugar /</subfield>
    <subfield code="r">Jonathan Abel Peralta Ovalle --</subfield>
    <subfield code="r">Tercer Lugar /</subfield>
    <subfield code="r">Josephine Am&#xE9;rica Pe&#xF1;a N&#xFA;&#xF1;ez --</subfield>
    <subfield code="t">Cuarto lugar /</subfield>
    <subfield code="r">Pablo Vicente Batista --</subfield>
    <subfield code="t">Quinto lugar /</subfield>
    <subfield code="r">Raykeny de Jes&#xFA;s Rodr&#xED;guez Rosario --</subfield>
    <subfield code="t">Ensayos con menci&#xF3;n /</subfield>
    <subfield code="r">Elisa Alexandra Abreu Jim&#xE9;nez, Santo Miguel Octavo Rom&#xE1;n-Garc&#xED;a, Rosanny Albertina Medina Tejada, Brianda Mar&#xED;a MercedesTrujillo Florez Estrada, Stefany Mar&#xED;a Pe&#xF1;a Hern&#xE1;ndez.</subfield>
  </datafield>
  <datafield tag="590" ind1=" " ind2=" ">
    <subfield code="a">Inventariado 2024 / DG</subfield>
  </datafield>
  <datafield tag="650" ind1=" " ind2="0">
    <subfield code="a">Participaci&#xF3;n pol&#xED;tica</subfield>
    <subfield code="9">456</subfield>
  </datafield>
  <datafield tag="650" ind1=" " ind2="4">
    <subfield code="a">Mujeres en la pol&#xED;tica</subfield>
    <subfield code="z">Rep&#xFA;blica Dominicana</subfield>
    <subfield code="9">6586</subfield>
  </datafield>
  <datafield tag="700" ind1="1" ind2=" ">
    <subfield code="9">23002</subfield>
    <subfield code="a">Jim&#xE9;nez Rodr&#xED;guez, Gustavo Adolfo,</subfield>
    <subfield code="e">coordinaci&#xF3;n editorial</subfield>
  </datafield>
  <datafield tag="700" ind1="1" ind2=" ">
    <subfield code="a">Alc&#xE1;ntara Rodr&#xED;guez, Mercedes,</subfield>
    <subfield code="e">coordinaci&#xF3;n editorial</subfield>
    <subfield code="9">85054</subfield>
  </datafield>
  <datafield tag="910" ind1=" " ind2=" ">
    <subfield code="a">Btav&#xE1;rez</subfield>
  </datafield>
  <datafield tag="942" ind1=" " ind2=" ">
    <subfield code="2">ddc</subfield>
    <subfield code="c">LBS1</subfield>
  </datafield>
  <datafield tag="952" ind1=" " ind2=" ">
    <subfield code="0">0</subfield>
    <subfield code="1">0</subfield>
    <subfield code="2">ddc</subfield>
    <subfield code="5">1</subfield>
    <subfield code="7">0</subfield>
    <subfield code="8">PD</subfield>
    <subfield code="a">BNPHU</subfield>
    <subfield code="b">BNPHU</subfield>
    <subfield code="c">CT</subfield>
    <subfield code="d">2024-02-12</subfield>
    <subfield code="e">Deposito legal</subfield>
    <subfield code="l">0</subfield>
    <subfield code="o">BNPHU PD 323.04097293 R426c</subfield>
    <subfield code="p">2024-1020</subfield>
    <subfield code="r">2024-02-12</subfield>
    <subfield code="w">2024-02-12</subfield>
    <subfield code="y">LBS1</subfield>
  </datafield>
  <datafield tag="952" ind1=" " ind2=" ">
    <subfield code="0">0</subfield>
    <subfield code="1">0</subfield>
    <subfield code="2">ddc</subfield>
    <subfield code="5">1</subfield>
    <subfield code="7">0</subfield>
    <subfield code="8">PD</subfield>
    <subfield code="a">BNPHU</subfield>
    <subfield code="b">BNPHU</subfield>
    <subfield code="c">CT</subfield>
    <subfield code="d">2024-03-15</subfield>
    <subfield code="e">Deposito legal</subfield>
    <subfield code="l">0</subfield>
    <subfield code="o">BNPHU PD 323.04097293 R426c</subfield>
    <subfield code="p">2024-1504</subfield>
    <subfield code="r">2024-03-15</subfield>
    <subfield code="t">e.2</subfield>
    <subfield code="w">2024-03-15</subfield>
    <subfield code="y">LBS1</subfield>
  </datafield>
  <datafield tag="952" ind1=" " ind2=" ">
    <subfield code="0">0</subfield>
    <subfield code="1">0</subfield>
    <subfield code="2">ddc</subfield>
    <subfield code="5">6</subfield>
    <subfield code="7">0</subfield>
    <subfield code="8">DS</subfield>
    <subfield code="a">BNPHU</subfield>
    <subfield code="b">BNPHU</subfield>
    <subfield code="c">CT</subfield>
    <subfield code="d">2024-03-15</subfield>
    <subfield code="e">Deposito legal</subfield>
    <subfield code="l">0</subfield>
    <subfield code="o">BNPHU DS 323.04097293 R426c</subfield>
    <subfield code="p">2024-1505</subfield>
    <subfield code="r">2024-03-15</subfield>
    <subfield code="t">e.3</subfield>
    <subfield code="w">2024-03-15</subfield>
    <subfield code="y">LBS1</subfield>
  </datafield>
  <datafield tag="952" ind1=" " ind2=" ">
    <subfield code="0">0</subfield>
    <subfield code="1">0</subfield>
    <subfield code="2">ddc</subfield>
    <subfield code="5">6</subfield>
    <subfield code="7">0</subfield>
    <subfield code="8">DS</subfield>
    <subfield code="a">BNPHU</subfield>
    <subfield code="b">BNPHU</subfield>
    <subfield code="c">CT</subfield>
    <subfield code="d">2024-03-15</subfield>
    <subfield code="e">Donaci&#xF3;n</subfield>
    <subfield code="l">0</subfield>
    <subfield code="o">BNPHU DS 323.04097293 R426c</subfield>
    <subfield code="p">2024-1506</subfield>
    <subfield code="r">2024-03-15</subfield>
    <subfield code="t">e.4</subfield>
    <subfield code="w">2024-03-15</subfield>
    <subfield code="y">LBS1</subfield>
  </datafield>
  <datafield tag="999" ind1=" " ind2=" ">
    <subfield code="c">55918</subfield>
    <subfield code="d">55918</subfield>
  </datafield>
</record>
